000 00297nam a22001337a 4500
020 _a0-7214-0934-2
082 _a823
_bMCC/O
100 _aMCCULLAGH, SHEILA
245 _aOLD MR GO TO BED
_bPUDDLE LANE
260 _aUK
_bLADYBIRD
300 _a43
650 _aENGLISH SHORT STORY
_zUK
942 _cBK
999 _c4190
_d4190